[Event "ITA-ch U20"]
[Site "Tarvisio"]
[Date "2023.07.07"]
[Round "7"]
[White "Alfidi, Giulia"]
[Black "Reginato, Elisabetta"]
[Result "0-1"]
[WhiteElo "1341"]
[BlackElo "1386"]
[PlyCount "42"]
[EventDate "2023.07.02"]
[EventType "swiss"]
[EventRounds "9"]
[EventCountry "ITA"]
[SourceTitle "EXT 2024"]
[Source "ChessBase"]
[SourceDate "2023.10.10"]
[SourceVersion "1"]
[SourceVersionDate "2023.10.10"]
[SourceQuality "1"]

1. d4 Nf6 2. Bf4 g6 3. Nd2 Bg7 4. e4 d6 5. Ngf3 Nbd7 6. Be2 0-0 7. 0-0 Nh5 8. Be3 e5 9. dxe5 dxe5 10. c3 Re8 11. Qc2 c6 12. Rfd1 Qc7 13. a4 Nf8 14. b4 Nf4 15. Bf1 f5 16. b5 fxe4 17. Nxe4 Bf5 18. Qb3+ Be6 19. Qb4 Red8 20. Nd6 Nd5 21. Rxd5 cxd5 0-1

[Event "ITA-ch U20"]
[Site "Tarvisio"]
[Date "2023.07.05"]
[Round "4"]
[White "Cambria, Chiara"]
[Black "Alfidi, Giulia"]
[Result "1/2-1/2"]
[WhiteElo "1504"]
[BlackElo "1341"]
[PlyCount "56"]
[EventDate "2023.07.02"]
[EventType "swiss"]
[EventRounds "9"]
[EventCountry "ITA"]
[SourceTitle "EXT 2024"]
[Source "ChessBase"]
[SourceDate "2023.10.10"]
[SourceVersion "1"]
[SourceVersionDate "2023.10.10"]
[SourceQuality "1"]

1. e4 e5 2. Nf3 Nc6 3. Bc4 Bc5 4. c3 Nf6 5. d4 exd4 6. cxd4 Bb4+ 7. Bd2 Bxd2+ 8. Nbxd2 d5 9. exd5 Nxd5 10. 0-0 0-0 11. Ne5 Nb6 12. Nxf7 Rxf7 13. Bxf7+ Kxf7 14. Qh5+ Kg8 15. Nb3 Nd5 16. Rfe1 Nf6 17. Qc5 Qd6 18. Qc4+ Qd5 19. Qc5 Be6 20. Qc3 Nd7 21. Qg3 Rc8 22. Re2 Bf7 23. Rd2 Ne7 24. Rc1 c6 25. h3 Qf5 26. Rd3 Bd5 27. Re3 Ng6 28. Rce1 Qf6 1/2-1/2

[Event "ITA-ch U20"]
[Site "Tarvisio"]
[Date "2023.07.04"]
[Round "3"]
[White "Alfidi, Giulia"]
[Black "Scaranaro, Martina"]
[Result "1/2-1/2"]
[WhiteElo "1341"]
[BlackElo "1240"]
[PlyCount "84"]
[EventDate "2023.07.02"]
[EventType "swiss"]
[EventRounds "9"]
[EventCountry "ITA"]
[SourceTitle "EXT 2024"]
[Source "ChessBase"]
[SourceDate "2023.10.10"]
[SourceVersion "1"]
[SourceVersionDate "2023.10.10"]
[SourceQuality "1"]

1. d4 Nf6 2. Bf4 g6 3. Nd2 Bg7 4. e4 d6 5. Ngf3 0-0 6. Be2 Nc6 7. c3 e6 8. Qc2 Ne7 9. Rd1 Nh5 10. Be3 f5 11. exf5 exf5 12. Bg5 h6 13. Bxe7 Qxe7 14. Nc4 Nf4 15. Ne3 Re8 16. Rd2 Nxe2 17. Rxe2 c6 18. Nc4 Qxe2+ 19. Qxe2 Rxe2+ 20. Kxe2 Bf8 21. Re1 Be6 22. Kd3 Re8 23. b3 Kf7 24. Ncd2 Bd7 25. Rxe8 Bxe8 26. Nc4 Ke6 27. Ke3 b5 28. Nb2 Bg7 29. Nd3 g5 30. g3 Kd5 31. h4 Bf6 32. Nb4+ Ke6 33. c4 a5 34. Nd3 d5 35. c5 Bh5 36. hxg5 hxg5 37. Nfe5 Be8 38. Kf3 Ke7 39. Ke3 Ke6 40. f3 Ke7 41. f4 g4 42. a4 b4 1/2-1/2